000 00861nam a2200253Ia 4500
003 OSt
005 20220916110913.0
006 a|||||r|||| 00| 0
007 ta
008 220915b |||||||| |||| 00| 0 hin d
024 _a215577
037 _cTextbook
040 _bhin
_aARTS
_cARTS
041 _ahin
082 _aO152:g, K3
100 _aशर्मा, नलिन विलोचन
245 0 _aमानदंड: आलोचना और अनुसंधान
246 _aMānadanḍa: ālochanā aur anusandhāna
260 _aपटना
_bमोतीलाल बनारसीदास भारत
_c1963
300 _a141पृ0
_ccm.
650 _aहिन्दी साहित्य
942 _hO152:g, K3
_cTB
_2CC
999 _c100912
_d100912